[Event "Niederbayernliga 1213"]
[Site "Bayern"]
[Date "2013.??.??"]
[Round "7"]
[White "Theiss, Johann"]
[Black "Zepke, Armin"]
[Result "1-0"]
[WhiteElo "1980"]
[BlackElo "1975"]
[PlyCount "99"]
[EventDate "2012.10.14"]
[EventType "team-tourn"]
[EventRounds "9"]
[EventCountry "GER"]
[SourceTitle "EXT 2023"]
[Source "ChessBase"]
[SourceDate "2022.10.05"]
[SourceVersion "1"]
[SourceVersionDate "2022.10.05"]
[SourceQuality "1"]
[WhiteTeam "Landau Dingolfing"]
[BlackTeam "Regen/Viechtach"]
[WhiteTeamCountry "GER"]
[BlackTeamCountry "GER"]

1. d4 d5 2. c4 e6 3. Nc3 Nf6 4. Bg5 Nbd7 5. cxd5 exd5 6. Qc2 Be7 7. e3 c6 8. Bd3 0-0 9. Nge2 Re8 10. f3 Nf8 11. Bh4 Ng6 12. Bf2 c5 13. 0-0 c4 14. Bf5 Bd6 15. h3 a6 16. a4 Bc7 17. Bxg6 hxg6 18. e4 Rb8 19. e5 Nh7 20. Nf4 Be6 21. Nxe6 Rxe6 22. f4 b5 23. axb5 axb5 24. f5 gxf5 25. Qxf5 b4 26. Ne2 Bb6 27. Be3 Rb7 28. Qf3 Rc6 29. Nf4 Rd7 30. Qg4 c3 31. b3 Rdc7 32. Nd3 Qf8 33. Qf3 Rd7 34. Ra4 Rg6 35. Nxb4 Ng5 36. Qf5 Ne6 37. Qxg6 fxg6 38. Rxf8+ Kxf8 39. Nc2 Rc7 40. Ra6 Rb7 41. Kf2 Kf7 42. Ke2 Bd8 43. b4 Bg5 44. Rc6 Bxe3 45. Kxe3 Rc7 46. Rxc7+ Nxc7 47. Na3 Na6 48. b5 Nb4 49. b6 c2 50. Kd2 1-0

[Event "Niederbayernliga 1011"]
[Site "Germany"]
[Date "2010.10.10"]
[Round "1.2"]
[White "Theiss, Johann"]
[Black "Palmi, Herbert"]
[Result "0-1"]
[WhiteElo "1986"]
[BlackElo "2016"]
[PlyCount "84"]
[EventDate "2010.10.10"]
[EventType "team-tourn"]
[EventRounds "9"]
[EventCountry "GER"]
[SourceTitle "EXT 2012"]
[Source "ChessBase"]
[SourceDate "2011.11.24"]
[SourceVersion "1"]
[SourceVersionDate "2011.11.24"]
[SourceQuality "1"]
[WhiteTeam "Adlkofen"]
[BlackTeam "Bayerwald"]
[WhiteTeamCountry "GER"]
[BlackTeamCountry "GER"]

1. d4 Nf6 2. c4 e6 3. Nc3 d5 4. Bg5 Be7 5. Qc2 c6 6. e3 Nbd7 7. cxd5 Nxd5 8. Bxe7 Qxe7 9. Nf3 0-0 10. Bd3 h6 11. a3 Nxc3 12. bxc3 e5 13. 0-0 exd4 14. cxd4 Nb6 15. e4 Bg4 16. Ne5 Bh5 17. Qc5 Qxc5 18. dxc5 f6 19. g4 fxe5 20. gxh5 Nd7 21. Rfc1 Nf6 22. Rab1 Rab8 23. Rb3 Rfd8 24. Rcb1 Kf8 25. f3 Nxh5 26. Ba6 Rd7 27. Rxb7 Rbxb7 28. Rxb7 Ke7 29. Rb2 Nf4 30. Rb3 g5 31. Kf2 Rd2+ 32. Ke3 Rc2 33. Rb7+ Kf6 34. Rxa7 Rc3+ 35. Kd2 Rxa3 36. Ra8 Ne6 37. Bb7 Rxa8 38. Bxa8 Nd8 39. Kc3 Ke7 40. Kb4 Kd7 41. Ka5 Kc7 42. Ka6 Ne6 0-1

[Event "Niederbayernliga 0809"]
[Site "Germany"]
[Date "2009.03.29"]
[Round "9.1"]
[White "Krstic, Petar"]
[Black "Theiss, Johann"]
[Result "1-0"]
[WhiteElo "2257"]
[BlackElo "1965"]
[PlyCount "105"]
[EventDate "2008.10.05"]
[EventType "team-tourn"]
[EventRounds "9"]
[EventCountry "GER"]
[SourceTitle "EXT 2010"]
[Source "ChessBase"]
[SourceDate "2010.11.25"]
[SourceVersion "1"]
[SourceVersionDate "2010.11.25"]
[SourceQuality "1"]
[WhiteTeam "Deggendorf"]
[BlackTeam "Adlkofen"]
[WhiteTeamCountry "GER"]
[BlackTeamCountry "GER"]

1. d4 f5 2. c4 e6 3. g3 Nf6 4. Bg2 d5 5. Nc3 c6 6. Nf3 Bd6 7. 0-0 0-0 8. Bf4 Qe7 9. Bxd6 Qxd6 10. c5 Qe7 11. Ne5 Bd7 12. b4 Be8 13. a4 Nbd7 14. f4 Bh5 15. Qb3 Ng4 16. Nxg4 Bxg4 17. b5 Rfb8 18. a5 cxb5 19. Qxb5 a6 20. Qb2 Bh5 21. Rfb1 Be8 22. Ra3 Nf6 23. Qd2 Bc6 24. Nd1 Re8 25. Nf2 Rac8 26. Nd3 Nd7 27. Nb4 Bb5 28. Bf1 Nb8 29. e3 Bxf1 30. Kxf1 Rc7 31. Rab3 Rd8 32. Nd3 Nc6 33. Rb6 Rdd7 34. Ne5 Nxe5 35. fxe5 Qe8 36. R1b3 Re7 37. Rd6 Qa4 38. Rbb6 Kf7 39. Kg2 g5 40. e4 dxe4 41. Qxg5 Qe8 42. Qf6+ Kg8 43. Rxe6 Qf7 44. Rxe7 Qxe7 45. Qxe7 Rxe7 46. Kf2 Kf7 47. Ke3 Ke8 48. Kf4 Rc7 49. g4 Rd7 50. e6 Rxd4 51. Ke5 Rd8 52. Rxb7 e3 53. Kf6 1-0